000 00341nam a2200145Ia 4500
005 20251222142013.0
008 251222s9999||||xx |||||||||||||| ||spa||
020 _a9972837114
082 _a709/M93
100 _aMujica Pinilla, Ramón
245 0 _aEl Barroco Peruano
250 _a1ra.ed.
264 _bBanco de Crédito
942 _cLIB
999 _c10407
_d10407